| 000 | 00511nam a22001577a 4500 | ||
|---|---|---|---|
| 003 | SGT | ||
| 020 | _a8122500935 | ||
| 082 | _a658.3,SUR | ||
| 100 | _aSURI, R .K. | ||
| 245 | _aMANAGEMENT FUNCTIONS AND BEHAVIOR | ||
| 260 |
_aNEW DELHI _bKITAB MAHAL _c1999 |
||
| 300 | _a704 | ||
| 650 | _aMANAGEMENT | ||
| 653 | _aCONCEPT AND NATURE OF MANAGEMENT,FUNCTIONS LEVELS AND SKILLS OF MANAGERS, AN OVERVIEW OF MANAGEMENT PRINCIPLES ,PROFESSIONAL MANAGER CONTEMPORARY, ISSUES AND CHALLENGES | ||
| 942 |
_2ddc _cFCM _01 |
||
| 999 |
_c9128 _d9128 |
||